Programa d'auditories ambientals municipals : Programes 21 Programes 21
Descripción Física:
9 p. ; 21 cm
Materias:
Medi ambient
MARC
| LEADER | 00000nam a2200000Ia 4500 | ||
|---|---|---|---|
| 001 | 12121 | ||
| 008 | 160829s9999 xx 000 0 cat d | ||
| 080 | |a FU-13-22 | ||
| 245 | |a Programa d'auditories ambientals municipals : |b Programes 21 | ||
| 260 | |a Barcelona : |b Diputació de Barcelona. Àrea de Medi Ambient, dl 1996 | ||
| 300 | |a 9 p. ; |c 21 cm | ||
| 650 | 0 | |a Medi ambient |9 26046 | |
| 710 | |a Barcelona (Catalunya : Província). |b Àrea de Medi Ambient |9 52987 | ||
| 901 | |a Arxiu | ||
| 942 | |n 1 | ||
| 952 | |0 0 |1 0 |4 0 |6 FU1322 |7 1 |9 48329 |a Arxiu |b Arxiu |d 2016-12-01 |l 0 |o FU-13-22 |p 12121 |r 2016-12-01 00:00:00 |w 2016-12-01 |y ARXIU | ||
| 999 | |c 52135 |d 52135 | ||